Ostium časopis pre humanitné vedy = revue des sciences humaines

Bibliographic Details
Format: Journal
Language:French
English
Slovak
PhysicalDescription:zv. 24 cm
Online vydanie: Ostium (Online) ISSN 1336-6556
Published: Pusté Úľany Schola Philosophica 2015-
Bratislava Ostium
ISSN:1339-942X
Subjects:
Online Access:http://www.ostium.sk/sk/archiv/

MARC

LEADER 00000cas a2200000 a 4500
001 vtls011591405
003 SK-MaSNL
005 20260425194422.0
008 161108c20159999xo qr|p 0 b0fre
022 |a 1339-942X 
040 |a SNK  |b slo  |c SNK  |e AACR2 
041 0 |a fre  |a eng  |a slo 
044 |a xo  |c SK 
072 7 |a 101  |x Filozofia  |2 konspekt 
072 7 |a 159.9  |x Psychológia  |2 konspekt 
072 7 |a 7.01/.09  |x Umenie  |2 konspekt 
072 7 |a 00  |x Veda. Všeobecnosti. Základy vedy a kultúry. Vedecká práca  |2 konspekt 
080 |a 101  |2 2011 
080 |a 159.9  |2 2011 
080 |a 7.01/.09  |2 2011 
080 |a 72/76  |2 2011 
080 |a 050  |2 2011 
080 |a (051)-027.561  |2 2011 
080 |a 1/3+7/9  |2 2011 
210 0 |a Ostium  |b (Tlačené vyd.) 
222 0 |a Ostium  |b (Tlačené vydanie) 
245 0 0 |a Ostium  |b časopis pre humanitné vedy = revue des sciences humaines 
260 |a Pusté Úľany  |b Schola Philosophica  |c 2015- 
260 3 |3 2016-  |a Bratislava  |b Ostium 
300 |a zv.  |c 24 cm 
310 |a 4x ročne 
362 0 |a Roč. 11, č. 1 (2015)- 
500 |a Časopis vychádza 4x ročne online, niektoré čísla boli vydané v printovej podobe: 2/2015 ; 3/2016 ; 2/2018 
500 |a Redaktori sa menia 
530 |a Online vydanie: Ostium (Online) ISSN 1336-6556 
546 |a Text aj v angl., slov. 
650 0 7 |a filozofia  |2 SNKPH  |9 793 
650 0 7 |a psychológia  |2 SNKPH  |9 807 
650 0 7 |a umenie  |2 SNKPH  |9 1060 
650 0 7 |a humanitné vedy  |2 SNKPH  |9 49832 
655 7 |a odborné časopisy  |2 SNKPH  |9 70505 
856 4 1 |u http://www.ostium.sk/sk/archiv/ 
910 |a snk 
999 |c 13646  |d 15576 
952 |t č. 1-4  |a SNK  |b SNK  |y PREZ  |7 0  |p 17A1387083  |o snkČSC 4079/14/2018  |i snk2020/5427  |8 0  |z Č. 1, 3, 4 vydané len v elektronickej podobe  |0 0  |1 0  |4 0  |d 2020-03-03  |l 0  |r 2026-02-21 22:30:00  |w 2026-02-21 
952 |t č. 1-4  |a SNK  |b SNK  |y PREZ  |7 0  |p 17A1387081  |o snkČSC 4079/11/2015  |i snk2020/5425  |8 0  |z Č. 1, 3, 4 vydané len v elektronickej podobe  |0 0  |1 0  |4 0  |d 2020-03-03  |l 0  |r 2026-02-21 22:30:00  |w 2026-02-21 
952 |t č. 1-4  |a SNK  |b SNK  |y PREZ  |7 0  |p 17A1387082  |o snkČSC 4079/12/2016  |i snk2020/5426  |8 0  |z Č. 1, 2, 4 vydané len v elektronickej podobe  |0 0  |1 0  |4 0  |d 2020-03-03  |l 0  |r 2026-02-21 22:30:00  |w 2026-02-21 
952 |t č. 1-4  |a SNK  |b SNK  |y PREZ  |7 0  |p 17A1387084  |o snkČSC 4079/11/2015 D1  |i snk2020/5429  |8 0  |z Č. 1, 3, 4 vydané len v elektronickej podobe  |0 0  |1 0  |4 0  |d 2020-03-03  |l 0  |r 2026-02-21 22:30:00  |w 2026-02-21 
952 |t č. 1-4  |a SNK  |b SNK  |y PREZ  |7 0  |p 17A1387085  |o snkČSC 4079/12/2016 D1  |i snk2020/5430  |8 0  |z Č. 1, 2, 4 vydané len v elektronickej podobe  |0 0  |1 0  |4 0  |d 2020-03-03  |l 0  |r 2026-02-21 22:30:00  |w 2026-02-21 
952 |t č. 1-4  |a SNK  |b SNK  |y PREZ  |7 0  |p 17A1387086  |o snkČSC 4079/14/2018 D1  |i snk2020/5431  |8 0  |z Č. 1, 3, 4 vydané len v elektronickej podobe  |0 0  |1 0  |4 0  |d 2020-03-03  |l 0  |r 2026-02-21 22:30:00  |w 2026-02-21